00529nam a2200181Ia 450000500170000000800410001702000150005808200140007310000160008724500250010326000300012830000160015865000230017465000190019794200060021695201100022299900150033220240605062155.0240331s9999 xx 000 0 und d a0813313104 bPETa1894 aPeterson, S 0aGlobal gender issues aUSAbWestview Pressc1993 axiv,202 p., aWomen in Politics  aWorld Politics cL 001040708LaWERCLbWERCLcSSCd2024-03-31l1o 305.42 PETp1894r2025-12-17s2025-12-17w2024-03-31yL c1910d1910